[Event "USA-ch"]
[Site "Greenville"]
[Date "1983.??.??"]
[Round "3"]
[White "Whitehead, Jay E"]
[Black "De Firmian, Nick E"]
[Result "0-1"]
[WhiteElo "2325"]
[BlackElo "2475"]
[Annotator "Bulletin"]
[PlyCount "104"]
[EventDate "1983.07.??"]
[EventType "tourn"]
[EventRounds "13"]
[EventCountry "USA"]
[EventCategory "10"]
[SourceTitle "MCL"]
[Source "ChessBase"]
[SourceDate "1999.07.01"]
[SourceVersion "1"]
[SourceVersionDate "1999.07.01"]
[SourceQuality "1"]

1. d4 Nf6 2. c4 e6 3. Nf3 c5 4. d5 exd5 5. cxd5 d6 6. Nc3 g6 7. Bg5 Bg7 8. Nd2
h6 9. Bh4 g5 10. Bg3 Nh5 11. Qa4+ $5 (11. e3) 11... Kf8 (11... Bd7 12. Qe4+)
12. Nde4 (12. Qc2) 12... Nxg3 13. Nxg3 a6 $1 14. e3 Nd7 15. Qc2 (15. Be2 b5 16.
Bxb5 $4 Nb6 $1) 15... b5 16. Be2 (16. Nf5 $5) 16... Nf6 17. e4 (17. Rd1 $1)
17... h5 $1 18. a4 $2 (18. e5 $1 dxe5 19. Rd1) 18... b4 19. Nd1 (19. Nb1 b3 $1)
19... h4 (19... Qe7 $1) 20. Nf1 Qe7 21. Nd2 g4 $1 22. Ne3 Bh6 23. O-O-O (23.
Nec4 $1) 23... Bd7 (23... b3 $1) 24. b3 Kg7 25. Qb2 Bf4 (25... g3 26. hxg3 hxg3
27. Rxh6 Rxh6 28. f4) 26. g3 Be5 27. Qc2 Bd4 28. Bd3 Rh6 29. Ng2 $1 (29. Rde1
$1 Rah8 30. Ndc4) 29... h3 30. Nh4 Re8 (30... Bxf2 $2 31. Nc4 Bd4 32. Nb6 Re8
33. Nxd7 Qxd7 34. Nf5+) 31. f4 Bc3 $1 32. Bxa6 (32. Rhe1 $2 Nxd5 $1) 32...
Bxd2+ 33. Rxd2 Nxe4 34. Bb5 $1 (34. Re2 Rxh4 $1 35. f5 (35. gxh4 Qf6)) 34...
Rxh4 $1 (34... Qf6 $2 35. Bxd7 Qa1+ 36. Qb1 Qxb1+ 37. Kxb1 Nxd2+ 38. Kc2) 35.
Bxd7 Qxd7 36. Re2 (36. gxh4 Nxd2 37. Qxd2) 36... Nxg3 $1 37. hxg3 Rhh8 38. Qb2+
f6 39. Rhe1 Rxe2 40. Qxe2 Qf5 41. Qb5 Kf7 $1 (41... Qxd5 $4 42. Qd7+) (41...
Kg6 $2 42. Re8 $1 $10) (41... h2 42. Rh1 Kg6 43. Rxh2 $1 Rxh2 44. Qe8+ $10) (
41... Rf8 $5 42. Qb7+ Rf7 (42... Kg6 43. Qe7) 43. Re7 h2 $3 (43... Qg6 44. Qd7
f5 45. Qd8 $3) 44. Rxf7+ Kh6) 42. Qc6 (42. Qb7+ Kg6) 42... h2 43. Rh1 Qe4 44.
Qd7+ Qe7 45. Qxg4 Qe3+ 46. Kb2 Qf2+ 47. Kc1 Qg1+ 48. Qd1 (48. Kd2 Qg2+) 48...
Qxg3 49. f5 Rh3 50. Qe2 Qc3+ 51. Qc2 Qa1+ 52. Qb1 Qd4 $1 0-1

[Event "Rilton Cup 45th"]
[Site "Stockholm"]
[Date "2016.01.01"]
[Round "5"]
[White "Socko, Bartosz"]
[Black "Johansson, Linus"]
[Result "1/2-1/2"]
[WhiteElo "2587"]
[BlackElo "2423"]
[Annotator "CB"]
[PlyCount "78"]
[EventDate "2015.12.27"]
[EventType "swiss"]
[EventRounds "9"]
[EventCountry "SWE"]
[SourceTitle "CBM 170 Extra"]
[Source "ChessBase"]
[SourceDate "2016.02.25"]
[SourceVersion "1"]
[SourceVersionDate "2016.02.25"]
[SourceQuality "1"]

1. d4 Nf6 2. c4 e6 3. Nf3 c5 4. d5 d6 5. Nc3 exd5 6. cxd5 g6 7. Bf4 a6 8. a4
Bg7 9. h3 O-O 10. e3 {eine sehr zaghafte Variante, jedoch nicht ohne Gift.
Weiß überlasst dem Schwarzen vorerst das Feld e5, verhindert den Tausch von
Leichtfiguren und möchte später mit f4 zurückschlagen.} Qe7 11. Be2 Nbd7 12.
O-O b6 $5 {verhindert das oftmals starke weiße a5 für immer.} 13. Nd2 Rb8 14.
Nc4 $6 {gefällt mir gar nicht, der weiße Springer muss bald wieder weg von
dort und der schwarze Plan beinhaltet das vorerst passiv anmutende Se8 ohnehin.
} Ne8 15. Qd2 Ne5 16. Na3 Nc7 17. Bh2 f5 $1 {Verschafft dem Se5 ein
Rückzugsfeld auf f7, sodass der Lc8 nach d7 kann.} 18. Rab1 Bd7 19. b4 b5 20.
axb5 axb5 21. Nc2 c4 22. Rbd1 $6 Ra8 23. Ra1 Rfc8 24. Rfd1 Qf8 $1 25. Nd4 Rxa1
26. Rxa1 Ra8 27. Rc1 Qb8 28. Nc6 Qe8 29. Nxe5 Bxe5 30. Bxe5 Qxe5 31. f4 Qe7 $15
{Schwarz hat seine einzige Schwäche auf b5 gut gedeckt, die offene a-Linie
unter Kontrolle und potentielle Ausfälle der Dame auf den schwarzen Feldern.}
32. Bf3 Ne8 33. Re1 Nf6 34. Qb2 Be8 35. Kf2 Qa7 36. Ne2 Qg7 37. Nc3 Qa7 38. Ne2
Qg7 (38... Kf7 39. g4 Qa3 40. Qd4 Qxb4 41. g5 Nd7 42. Qh8 $132) 39. Nc3 Qa7
1/2-1/2

[Event "Sharjah FIDE GP (Women)"]
[Site "Sharjah"]
[Date "2014.09.06"]
[Round "11"]
[White "Koneru, Humpy"]
[Black "Danielian, Elina"]
[Result "1-0"]
[WhiteElo "2598"]
[BlackElo "2490"]
[Annotator "CB"]
[PlyCount "75"]
[EventDate "2014.08.25"]
[EventType "tourn"]
[EventRounds "11"]
[EventCountry "UAE"]
[EventCategory "10"]
[SourceTitle "CBM 162"]
[Source "ChessBase"]
[SourceDate "2014.09.17"]
[SourceVersion "1"]
[SourceVersionDate "2014.09.17"]
[SourceQuality "1"]

{Humpy's disastrous opening left her in a nearly lost position, and although
Danielian let her back in the game with a strange exchange sacrifice, the
advantage was always in Black's side. However in time-trouble a huge blunder
occured and Humpy collected a last round win.} 1. d4 Nf6 2. c4 e6 3. Nf3 c5 4.
d5 exd5 5. cxd5 d6 6. Nc3 g6 7. Bf4 Bg7 8. h3 O-O 9. e3 Na6 10. Nd2 Nc7 11. Nc4
b5 12. Bxd6 bxc4 13. Bxf8 Kxf8 14. Bxc4 Rb8 15. O-O Rxb2 16. Rb1 Rb4 17. Qd3
Nd7 18. d6 Ne8 19. Qd5 Rxc4 20. Qxc4 Nxd6 21. Qd5 Ne8 22. Ne4 Qc7 23. Rfd1 Be5
24. f4 Bf6 25. Rbc1 Be7 26. Ng5 Bxg5 27. fxg5 Ng7 28. Rf1 Nf5 29. e4 Bb7 30.
Qc4 Nd6 31. Qc3 Kg8 32. Qg3 c4 33. Rcd1 Qc5+ 34. Kh2 Nxe4 35. Qf4 Ne5 (35...
Bd5 $17) 36. Rd8+ Kg7 37. Re8 Nd6 38. Qf6# 1-0

[Event "Copenhagen IM (Politiken Cup-05)"]
[Site "Copenhagen"]
[Date "1983.10.18"]
[Round "5"]
[White "Lechtynsky, Jiri"]
[Black "Jakobsen, Ole"]
[Result "1/2-1/2"]
[WhiteElo "2480"]
[BlackElo "2445"]
[Annotator "ChessBase"]
[PlyCount "59"]
[EventDate "1983.10.14"]
[EventType "tourn"]
[EventRounds "9"]
[EventCountry "DEN"]
[SourceTitle "MCL"]
[Source "ChessBase"]
[SourceDate "1999.07.01"]
[SourceVersion "1"]
[SourceVersionDate "1999.07.01"]
[SourceQuality "1"]

1. Nf3 Nf6 2. d4 e6 3. c4 c5 4. d5 exd5 5. cxd5 d6 6. Nc3 g6 7. Bg5 Bg7 8. e3
h6 9. Bh4 g5 10. Bg3 Nh5 11. Nd2 Nxg3 12. hxg3 Nd7 13. Qc2 O-O 14. Nc4 Nb6 15.
Nxb6 Qxb6 16. O-O-O Qa5 17. e4 Re8 (17... b5 18. Bxb5 Bxc3 19. Qxc3 Qxb5 20.
Rxh6 f6 21. Rxf6) 18. Bd3 Bd7 19. f4 c4 20. Be2 b5 (20... Bxc3 21. Qxc3 Qxc3+
22. bxc3 Rxe4 23. Bf3 Re3 $1 24. Rxh6 g4 $17) 21. e5 $1 b4 $2 22. Ne4 Ba4 $6 (
22... b3 $1 23. axb3 cxb3 24. Qxb3 Ba4 (24... gxf4 25. gxf4 dxe5 $1 $17) 25.
Qa3 Qc7+ (25... Rec8+ 26. Nc3 Rab8 (26... dxe5 27. Kb1) 27. Rd4) 26. Qc3 $1
Qxc3+ 27. bxc3 $1 Bxd1 28. Rxd1 gxf4 29. gxf4 dxe5 30. f5) 23. b3 cxb3 24. axb3
dxe5 $1 25. fxg5 $1 Rec8 (25... Rac8 26. Bc4 Bxb3 27. Qxb3 Qa6 28. Nd2 e4 29.
gxh6) 26. Bc4 Rxc4 27. Qxc4 Bb5 28. Qc2 Qa1+ 29. Kd2 Qd4+ 30. Kc1 1/2-1/2

[Event "YUG-ch53"]
[Site "Belgrade "]
[Date "1998.03.20"]
[Round "7"]
[White "Ivanisevic, Ivan"]
[Black "Barlov, Dragan"]
[Result "1-0"]
[WhiteElo "2460"]
[BlackElo "2490"]
[Annotator "ChessBase"]
[PlyCount "87"]
[EventDate "1998.03.14"]
[EventType "tourn"]
[EventRounds "15"]
[EventCountry "YUG"]
[EventCategory "10"]
[SourceTitle "CBM 064"]
[Source "ChessBase"]
[SourceDate "1998.06.02"]
[SourceVersion "1"]
[SourceVersionDate "1998.06.02"]
[SourceQuality "1"]

1. d4 Nf6 2. c4 e6 3. Nf3 a6 4. Nc3 c5 5. d5 exd5 6. cxd5 d6 7. a4 g6 8. h3 Bg7
9. Bf4 O-O 10. e3 Nh5 11. Bg5 Qb6 12. Ra2 f5 13. Nd2 Qc7 14. Be2 Nf6 15. Nc4
Nbd7 16. Qb3 b6 17. g4 fxg4 18. hxg4 Bb7 19. Bf4 Ne8 20. g5 Bxc3+ 21. Qxc3 Bxd5
22. Rh6 Ne5 23. Bxe5 dxe5 24. Ra1 Rf5 25. Rd1 Bf7 $4 (25... e4 $142 {more or
less wins for Black}) 26. Bg4 Rxg5 27. Rd7 Qb8 28. f4 Rxg4 29. Nxe5 Rg1+ 30.
Kf2 Nf6 31. Kxg1 Nxd7 32. Nxd7 Qd6 33. Nf6+ Kf8 34. Rxh7 Ke7 35. Ne4 Qd1+ 36.
Kf2 Rf8 37. Qf6+ Ke8 38. Nd6+ Kd7 39. Nxf7 Qd2+ 40. Kf3 Qd1+ 41. Kf2 Qd2+ 42.
Kf3 Qd1+ 43. Kg3 Qg1+ 44. Kh4 1-0

[Event "Sitges Sunway op-A 5th"]
[Site "Sitges"]
[Date "2018.12.19"]
[Round "6"]
[White "Pogonina, Natalija"]
[Black "Edouard, Romain"]
[Result "0-1"]
[WhiteElo "2465"]
[BlackElo "2644"]
[Annotator "Edouard,R"]
[PlyCount "68"]
[EventDate "2018.12.14"]
[EventType "swiss"]
[EventRounds "10"]
[EventCountry "ESP"]
[SourceTitle "CBM 187 Extra"]
[Source "ChessBase"]
[SourceDate "2018.11.04"]
[SourceVersion "1"]
[SourceVersionDate "2018.11.04"]
[SourceQuality "1"]

1. d4 Nf6 2. c4 e6 3. Nf3 c5 4. d5 d6 5. Nc3 exd5 6. cxd5 g6 7. Bf4 a6 8. a4
Bg7 9. h3 O-O 10. e3 Re8 $5 {An interesting move, a little more flexible than
10...Qe7 and 10...Ne8 if White doesn't know exactly how to react.} 11. Nd2 {
Other moves aren't dangerous.} (11. Be2 Ne4 12. Nxe4 Rxe4 13. Nd2 Rb4 14. Nc4
Nd7 15. O-O Nb6 16. Nxd6 Rxf4 17. Nxc8 Rb4 18. Nxb6 Qxb6 $44 {1/2-1/2 (50)
Onischuk,A (2675)-Gashimov,V (2760) Ningbo 2011.}) (11. Bd3 $5 Nh5 $5 12. Bh2
Nd7 13. O-O (13. Bxd6 $2 Qb6 $17) 13... Ne5 $13) 11... Nbd7 {The point.} 12.
Be2 (12. Bxd6 Nb6 13. Bxc5 Nfxd5 {is just great for Black.}) 12... Ne5 13. O-O
(13. Bh2 $1 {should be the main problem of 10...Re8. Actually, I played it
once on the white side and got slightly better:} g5 $5 (13... Nfd7 $2 14. f4 $1
$16) 14. O-O (14. Bxe5 Rxe5 15. Nf3 Re8 16. Nxg5 h6 17. Nf3 Ne4 18. Qb3 Bxc3+
19. bxc3 Qf6 20. Rc1 b5 $1 $13) 14... g4 15. Bxe5 Rxe5 16. hxg4 Nxd5 17. Nxd5 (
17. Nc4 Nxc3 18. bxc3 Re6 $13) 17... Rxd5 18. Qc2 Qe7 19. Nc4 Rg5 20. Rfd1 $14
{1/2-1/2 (37) Edouard,R (2620)-Zeller,F (2395) Switzerland 2016}) 13... Nfd7
14. Bh2 f5 15. Re1 b6 ({I hesitated a lot with} 15... Qf6 {with the idea to
meet e3-e4 with ...f5-f4.}) 16. Bf1 (16. e4 Nf6 17. f4 Nf7 $13) 16... Nf7 17.
Qc2 Rb8 {An interesting move, for the reasons showed in the game.} (17... Qf6 {
was nevertheless a safer choice, with the same idea as two moves before.}) 18.
e4 {What else?} fxe4 19. Ndxe4 Nf6 20. Nxf6+ {Natural ad human.} ({But the
engine believes White should have kept all the pieces with} 20. Nd2 $1 {
and thinks White would have been slightly better.}) 20... Bxf6 21. Ne4 $6 (21.
Rxe8+ Qxe8 22. Qd2 {followed by Re1 would have been about equal.}) 21... Bd4
22. Rad1 (22. Nxd6 $2 {fails to} Rxe1 $1 23. Nxf7 Rxf1+ 24. Rxf1 Kxf7 25. Bxb8
Bf5 $17) 22... Bf5 $1 23. Bxa6 $6 {The logical follow-up, otherwise Black is
just slightly better. But Black gets a great advantage after it!} Ng5 $1 {
Le cavalier e4 va se retrouver "débordé".} 24. Bd3 $6 (24. Rxd4 cxd4 25. f3 {
was the (better) alternative, although after} Nxe4 $1 26. fxe4 Qh4 {Black
would have been better.}) 24... Nxe4 25. Bxe4 Qe7 {The point, pinning the
e4-bishop.} 26. Rxd4 $8 {Forcé.} cxd4 27. f3 Rbc8 $1 28. Qf2 {On another
queen move Black would have followed up with ...Qh4.} d3 $1 {Black has a
devastating threat of ...Rc2.} 29. Bg3 ({I had in mind the following nice line:
} 29. Qe3 Bxe4 30. fxe4 Qxe4 $1 31. Qxe4 Rxe4 32. Rxe4 d2 33. Rd4 Rc1+ 34. Kf2
d1=Q 35. Rxd1 Rxd1 36. Bxd6 Rxd5 37. Bf4 Rd4 38. Be3 Rb4 {winning for Black,
however it turns out 29...Qh4 is just easier than taking on e4!}) 29... Rc2 30.
Qxb6 {Not a good move, but anyhow ...d2 and ...Bxe4 was going to win the game.}
Bxe4 31. fxe4 (31. Rxe4 Qxe4 $1 32. fxe4 d2 33. Qd4 Rc1+ $19) 31... d2 32. Rf1
Rc1 (32... Qxe4 $19) 33. Qd4 Rxf1+ 34. Kxf1 Qf6+ $1 {A cute finish.} (34...
Qf6+ $1 35. Qxf6 d1=Q+ 36. Kf2 Rf8 $19) 0-1

[Event "EU-ch 20th"]
[Site "Skopje"]
[Date "2019.03.24"]
[Round "6"]
[White "Muradli, Mahammad"]
[Black "Edouard, Romain"]
[Result "0-1"]
[WhiteElo "2444"]
[BlackElo "2658"]
[Annotator "Edouard,R"]
[PlyCount "80"]
[EventDate "2019.03.18"]
[EventType "swiss"]
[EventRounds "11"]
[EventCountry "MKD"]
[Tiebreak "Sum of Buchholz"]
[SourceTitle "CBM 189"]
[Source "ChessBase"]
[SourceDate "2019.04.29"]
[SourceVersion "1"]
[SourceVersionDate "2019.04.29"]
[SourceQuality "1"]

1. d4 Nf6 2. c4 e6 3. Nf3 c5 4. d5 d6 5. Nc3 exd5 6. cxd5 g6 7. Bf4 a6 8. a4
Bg7 9. h3 O-O 10. e3 Ne8 {A playable move, used many times by Gashimov,
although 10...Qe7 and 10...Re8 are a bit more popular.} 11. Be2 (11. Bc4 $5 {
was played several times, but after} Nd7 12. O-O Ne5 $1 {I do not see the
point of it.}) 11... Nd7 12. O-O Rb8 (12... Qe7 $5) (12... b6 $5 {with extra
ideas with ...Ne5, ...Ra7 and ...Re7 is also playable.}) 13. Bh2 (13. Re1 Ne5
$5 {Unusual but interesting here.} 14. Nd2 (14. Nxe5 dxe5 15. Bh2 Nd6 $13)
14... Nc7 15. a5 Re8 16. Bh2 b5 17. axb6 Rxb6 $11 {0-1 (49) Mikhalevski,V 
(2579)-Rechlis,G (2521) Ma'alot-Tarshiha 2018}) (13. Nd2 Ne5 (13... b6 $5 14.
Re1 Ne5 15. Bh2 f5 16. Kh1 Nc7 17. f4 Nf7 $13 {1-0 (53) Matsenko,S (2534)
-Yilmaz,M (2622) TUR 2016}) 14. a5 f5 15. Bg3 Bd7 16. Qb3 b5 17. axb6 Rxb6 18.
Qc2 Bb5 19. Nxb5 axb5 20. Nb3 g5 $13 {0-1 (39) Sargissian,G (2690)-Short,N 
(2646) ENG 2014}) 13... Qe7 (13... f5 {first is more appropriate.}) 14. Qc2 (
14. e4 $1 {looks to me like a slight problem:} Nc7 15. Re1 Ne5 (15... b6 16.
Bf1 $14) (15... b5 16. axb5 axb5 17. Qd2 b4 18. Nd1 $14) 16. Nxe5 Bxe5 17. Bxe5
Qxe5 18. Qd2 g5 19. Bg4 $1 $14) 14... f5 15. Nd2 Ne5 16. Rae1 (16. Rfe1 {
looks a little more natural to me.}) 16... Bd7 (16... Nc7 $5) 17. a5 b5 (17...
Nc7 $5) 18. axb6 Rxb6 19. f4 (19. Bxe5 Bxe5 20. Nc4 Rb4 21. Nxe5 Qxe5 22. Bxa6
Nc7 $44) 19... Nf7 20. e4 fxe4 21. Ndxe4 Bf5 22. Bd3 (22. Bc4 Bd4+ 23. Kh1 Nf6
$15) 22... Qb7 23. Re2 Nc7 24. g4 Bxe4 25. Bxe4 Nb5 26. Rg2 Nxc3 $1 (26... Nd4
27. Qc1 {isn't so simple.}) 27. bxc3 Rb3 28. Bxg6 $2 {Just losing.} (28. Rf3 a5
29. h4 a4 30. f5 a3 {looks working for Black.}) (28. Rg3 {was probably best,
although awkard with a bishop on h2:} a5 (28... c4 $5) 29. f5 Rb2 {/\...Ne5/...
Be5}) 28... hxg6 29. Qxg6 Qxd5 30. f5 Ne5 31. Bxe5 Qxe5 32. g5 Qe4 $1 33. h4
Rb1 34. Rgf2 Qg4+ 35. Kh1 Qxh4+ 36. Kg2 Qe4+ 37. Kg1 Qg4+ 38. Kh1 Qh3+ 39. Kg1
Qg3+ 40. Kh1 Qxf2 0-1

[Event "Karditsa"]
[Site "Karditsa"]
[Date "1996.??.??"]
[Round "8"]
[White "Skembris, Spyridon"]
[Black "Vouldis, Angelos"]
[Result "1/2-1/2"]
[WhiteElo "2505"]
[BlackElo "2425"]
[Annotator "Endgame-CD"]
[PlyCount "145"]
[EventDate "1996.03.??"]
[EventType "tourn"]
[EventRounds "9"]
[EventCountry "GRE"]
[EventCategory "12"]
[SourceTitle "CBM 053"]
[Source "ChessBase"]
[SourceDate "1996.08.01"]
[SourceVersion "1"]
[SourceVersionDate "1996.08.01"]
[SourceQuality "1"]

1. d4 Nf6 2. c4 g6 3. Nc3 Bg7 4. Nf3 O-O 5. Bg5 c5 6. d5 d6 7. e3 e6 8. Nd2
exd5 9. cxd5 Na6 10. Be2 Nc7 11. O-O h6 12. Bh4 b5 13. Bxb5 Rb8 14. Be2 g5 15.
Bg3 Nfxd5 16. Nxd5 Nxd5 17. Nc4 Be6 18. Bxd6 Bxb2 19. Bxb8 Bxa1 20. Qxa1 Qxb8
21. g3 Rd8 22. Rc1 Nb6 23. Qc3 Nxc4 24. Bxc4 Bxc4 25. Qxc4 Qb4 26. Qc2 Rd5 27.
Kg2 Rd2 28. Qf5 Qb7+ 29. e4 Rd4 30. Re1 c4 31. Qe5 Rd2 32. Re3 Rd3 33. Rxd3
cxd3 34. Qe8+ Kh7 35. Kf1 Qb1+ 36. Kg2 Qxa2 37. Qd7 Qb3 38. Qf5+ Kg7 39. Qe5+
Kg8 40. Qe8+ Kh7 41. Qd7 a5 42. h4 Qc4 43. Kf3 gxh4 44. Qf5+ Kg8 45. Qg4+ Kf8
46. Qxh4 Qa6 47. Qd8+ Kg7 48. Ke3 Qa7+ 49. Kxd3 Qxf2 50. Qxa5 Qxg3+ 51. Ke2
Qg4+ 52. Kd3 Qf3+ 53. Kd4 Kg6 54. Qe1 h5 55. Qg1+ Qg4 56. Qh2 Qg5 57. Qd6+ Kg7
58. Kd3 h4 59. Qd4+ Kg6 60. Qh8 Qf6 61. Qg8+ Kh5 62. Ke2 Qf4 63. Qh8+ Kg4 64.
Qd4 Qf3+ 65. Ke1 Kh3 66. e5 Kg3 67. e6 fxe6 68. Qe5+ Kg2 69. Qxe6 $19 h3 $4 (
69... Qf2+ $1 70. Kd1 h3 71. Qg6+ Qg3 72. Qc2+ Kg1 73. Qc5+ Qf2 74. Qg5+ Kh2
75. Qe5+ Kg2 76. Qg7+ Kf1 77. Qh6 Qf3+ 78. Kc1 (78. Kd2 $2 Kg1 $19 79. Qg7+
$140 Qg2+) 78... Kg1 79. Qg7+ Kh1 80. Qd4 h2 81. Kb1 Qf1+ 82. Kc2 Qg2+ 83. Kd3
Qf3+ 84. Kc2 (84. Kc4 Kg2 85. Qg7+ Kf2 $19 86. Qb2+ $140 Qe2+) 84... Kg2 85.
Qg7+ Kf2 86. Qd4+ Kg3 87. Qg7+ Qg4 88. Qe5+ Kg2 89. Qd5+ Qf3 90. Qg5+ Kf1 $19)
70. Qa2+ $1 Kg1 71. Qa7+ Kh1 72. Qf2 Qg2 73. Ke2 1/2-1/2

[Event "Hastings 9495"]
[Site "Hastings"]
[Date "1994.??.??"]
[Round "3"]
[White "Kachiani Gersinska, Ketino"]
[Black "Nunn, John DM"]
[Result "0-1"]
[WhiteElo "2410"]
[BlackElo "2625"]
[Annotator "Ftacnik,L"]
[PlyCount "70"]
[EventDate "1994.12.??"]
[EventType "tourn"]
[EventRounds "9"]
[EventCountry "ENG"]
[EventCategory "9"]
[SourceTitle "CBM 045"]
[Source "ChessBase"]
[SourceDate "1995.04.01"]
[SourceVersion "1"]
[SourceVersionDate "1995.04.01"]
[SourceQuality "1"]

1. d4 Nf6 2. c4 g6 3. Nc3 Bg7 4. Bf4 c5 5. d5 O-O 6. e3 e6 $6 {Playing for a
'win'.} 7. Nf3 (7. dxe6 dxe6 8. Bd6 Re8 9. Bxc5 $16 {Nunn now wanted to play}
Qa5 10. b4 Nfd7 $5 11. bxa5 Bxc3+ 12. Ke2 Nxc5 13. Rb1 $16 {But Blacks idea
looks not very sound.}) 7... exd5 8. cxd5 d6 9. h3 a6 10. a4 Nh5 11. Bd3 Nxf4
12. exf4 Re8+ 13. Kf1 Nd7 14. g3 Nf6 15. Kg2 Bd7 16. Ra3 Rb8 17. a5 Qc7 18. Nd2
Re7 19. Nc4 Rbe8 20. Qc2 Bb5 21. Raa1 Nd7 22. Qd2 b6 23. Nxb5 axb5 24. Na3 Qb7
25. Bxb5 bxa5 26. Rab1 Bd4 27. Bc6 Qb3 (27... Re2 $2 28. Qxd4 $18) (27... Qa6
28. Rhe1 Re2 29. Bb5 $1 $18) 28. Nb5 $2 (28. Rhe1 $142 $1 Rxe1 29. Rxe1 Rxe1
30. Qxe1 $10 {Nunn} Nf6 (30... Bxb2 31. Nb5) 31. Nb5 Nxd5 32. Nxd4 cxd4 33.
Qe8+ Kg7 34. Qe4) 28... Re2 29. Nxd4 cxd4 30. Qxd4 R8e3 $1 $19 31. Bxd7 Rxg3+
32. Kf1 Rxf2+ 33. Qxf2 Qd3+ 34. Qe2 Rf3+ 35. Ke1 Qxb1+ 0-1